000 00665nam a2200205 a 4500
005 20240925064536.0
008 030310s1991 ea r 000 0 eng d
020 _a0875843654
035 _aUPN01000122720
049 _aCG
050 4 _aLB2331
_bE4.8
245 0 0 _aEducation for judgment :
_bthe artistry of discussion leadership /
_ced. C. Roland Christensen.
260 _aBoston, Mass. :
_bHarvard Business School,
_cc1991.
300 _axxvi, 312 p.
650 4 _aEducación superior
_932
650 4 _aDISCUSION (METODO PEDAGOGICO)
_914178
650 4 _aPensamiento creativo (Educación)
_95414
700 1 _aChristensen, Roland, C.,
_eed.
905 _aLibro
999 _c94903
_d94903